00358nam a22001337a 450000500170000000800410001704100120005808200120007010000120008224500270009426000460012130000310016765000260019820240730085215.0240730b |||||||| |||| 00| 0 eng d aEnglish a349 SUP lEnglish aSupreme Court Reports  aCape Town: bJuta and Company Ltd, c1909 blvii, 710 pages; c26 cm.  aLegal practice bLaw